000 00696cam a22002413a 4500
001 14039
003 PGUSA
005 20140828083312.0
008 041114s2004||||xxu|||||s|||||000 1 eng d
040 _aPGUSA
_beng
042 _adc
050 4 _aPS
100 1 _aChamberlain, George Agnew,
_d1879-1966
245 1 0 _aThrough stained glass :
_bA Novel
_h[electronic resource] /
_cGeorge Agnew Chamberlain
260 _bProject Gutenberg,
_c2004
506 _aPublic domain in the USA.
516 _aElectronic text
653 _aFathers and sons -- Fiction
653 _aLove stories
830 0 _aProject Gutenberg
_v14039
856 4 0 _uhttp://www.gutenberg.org/ebooks/14039
942 _cEB
999 _c243294
_d243294